[Event "FIDE Women GP Monaco 2019"]
[Site "Monaco"]
[Date "2019.12.03"]
[Round "1.1"]
[White "Harika, Dronavalli"]
[Black "Dzagnidze, Nana"]
[Result "1/2-1/2"]
[WhiteElo "2518"]
[BlackElo "2520"]
[Annotator "ChessBase"]
[PlyCount "83"]
[EventDate "2019.12.03"]
[EventType "tourn"]
[EventCountry "MNC"]
[SourceTitle "playchess.com"]
[Source "ChessBase"]
[SourceQuality "1"]
[TimeControl "40/5400+30:1800+30"]

1. e4 {[%emt 0:00:00]} c5 {[%emt 0:00:00]} 2. Nf3 {[%emt 0:00:00]} a6 {[%emt 0:00:04]} 3. c3 {[%emt 0:00:47]} Nf6 {[%emt 0:00:17]} 4. e5 {[%emt 0:00:26]} Nd5 {[%emt 0:00:04]} 5. d4 {[%emt 0:02:31]} cxd4 {[%emt 0:00:19]} 6. cxd4 {[%emt 0:02:58]} d6 {[%emt 0:00:58]} 7. Bc4 {[%emt 0:00:41]} e6 {[%emt 0:02:36]} 8. O-O {[%emt 0:02:42]} Be7 {[%emt 0:03:32]} 9. Bxd5 {[%emt 0:15:33]} exd5 {[%emt 0:00:27]} 10. Nc3 {[%emt 0:00:06]} Be6 {[%emt 0:07:08]} 11. exd6 {[%emt 0:11:36]} Bxd6 {[%emt 0:19:54]} 12. Ng5 {[%emt 0:15:53]} O-O {[%emt 0:01:07]} 13. f4 {[%emt 0:01:54]} h6 {[%emt 0:12:23]} 14. f5 {[%emt 0:03:53]} hxg5 {[%emt 0:02:33]} 15. fxe6 {[%emt 0:00:07]} fxe6 {[%emt 0:00:04]} 16. Rxf8+ {[%emt 0:01:16]} Qxf8 {[%emt 0:00:23]} 17. Qg4 {[%emt 0:00:59]} Qf5 {[%emt 0:13:08]} 18. Qxf5 {[%emt 0:02:12]} exf5 {[%emt 0:00:35]} 19. Bxg5 {[%emt 0:00:29]} Nc6 {[%emt 0:00:03]} 20. Rd1 {[%emt 0:03:35]} Re8 {[%emt 0:03:19]} 21. Nxd5 {[%emt 0:02:37]} Nxd4 {[%emt 0:05:44]} 22. Be3 {[%emt 0:05:48]} Nc6 {[%emt 0:03:10]} 23. Bf4 {[%emt 0:02:27]} Bxf4 {[%emt 0:01:13]} 24. Nxf4 {[%emt 0:00:05]} Kf7 {[%emt 0:03:16]} 25. Kf2 {[%emt 0:01:35]} Ne5 {[%emt 0:09:25]} 26. h3 {[%emt 0:01:05]} g5 {[%emt 0:01:46]} 27. Nd3 {[%emt 0:03:18]} Nxd3+ {[%emt 0:00:37]} 28. Rxd3 {[%emt 0:00:06]} b5 {[%emt 0:07:30]} 29. Rd7+ {[%emt 0:05:09]} Kf6 {[%emt 0:00:02]} 30. Rd6+ {[%emt 0:00:45]} Ke5 {[%emt 0:00:57]} 31. Rxa6 {[%emt 0:06:03]} Rc8 {[%emt 0:00:02]} 32. Ra5 {[%emt 0:01:03]} Rc2+ {[%emt 0:00:05]} 33. Kf3 {[%emt 0:02:06]} Rxb2 {[%emt 0:00:21]} 34. a4 {[%emt 0:00:05]} Rb3+ {[%emt 0:00:09]} 35. Kf2 {[%emt 0:00:05]} Rb2+ {[%emt 0:00:14]} 36. Kf3 {[%emt 0:00:29]} Rb3+ {[%emt 0:00:10]} 37. Kf2 {[%emt 0:00:14]} Rb2+ {[%emt 0:00:04]} 38. Kg1 {[%emt 0:01:21]} Kf4 {[%emt 0:01:32]} 39. Rxb5 {[%emt 0:00:35]} Ra2 {[%emt 0:00:02]} 40. Rb4+ {[%emt 0:00:19]} Kg3 {[%emt 0:00:39]} 41. Rb3+ {[%emt 0:30:12]} Kf4 {[%emt 0:31:12]} 42. Rb4+ {[%emt 0:00:34]} 1/2-1/2

[Event "FIDE Women GP Monaco 2019"]
[Site "Monaco"]
[Date "2019.12.03"]
[Round "1.2"]
[White "Paehtz, Elisabeth"]
[Black "Zhao, Xue"]
[Result "1/2-1/2"]
[WhiteElo "2475"]
[BlackElo "2485"]
[Annotator "RC"]
[PlyCount "62"]
[EventDate "2019.12.03"]
[EventType "tourn"]
[EventCountry "MNC"]
[SourceTitle "playchess.com"]
[Source "ChessBase"]
[SourceQuality "1"]
[TimeControl "40/5400+30:1800+30"]

1. e4 {[%emt 0:00:00]} c5 {[%emt 0:00:17]} 2. Nf3 {[%emt 0:00:00]} Nc6 {[%emt 0:00:15]} 3. d4 {[%emt 0:01:28]} cxd4 {[%emt 0:00:06]} 4. Nxd4 {[%emt 0:00:03]} Nf6 {[%emt 0:00:19]} 5. Nc3 {[%emt 0:00:05]} e5 {[%emt 0:00:34]} 6. Ndb5 {[%emt 0:00:05]} d6 {[%emt 0:00:28]} 7. Bg5 {[%emt 0:00:53]} a6 {[%emt 0:00:17]} 8. Na3 {[%emt 0:00:04]} b5 {[%emt 0:00:58]} 9. Nd5 {[%emt 0:00:05]} Be7 {[%emt 0:00:06]} 10. Bxf6 {[%emt 0:00:16]} Bxf6 {[%emt 0:00:04]} 11. c3 {[%emt 0:03:17]} Bg5 {[%emt 0:02:25]} 12. Nc2 {[%emt 0:00:14]} Rb8 {[%emt 0:00:08]} 13. Be2 {[%emt 0:11:59]} O-O {[%emt 0:00:38]} 14. O-O {[%emt 0:00:05]} Ne7 {[%emt 0:07:24]} 15. Ncb4 {[%emt 0:02:16]} Bb7 {[%emt 0:08:30]} 16. a4 {[%emt 0:09:35]} a5 {[%emt 0:06:08]} 17. Nxe7+ {[%emt 0:00:06]} Bxe7 18. Nd5 {[%emt 0:00:30]} bxa4 19. Rxa4 {[%emt 0:00:30]} Bxd5 {[%emt 0:24:32]} 20. Qxd5 {[%emt 0:00:00]} Rxb2 {[%emt 0:00:04]} 21. Bc4 {[%emt 0:00:00]} Qc7 {[%emt 0:18:28]} 22. Qxa5 {[%emt 0:10:57]} Qxa5 {[%emt 0:12:08]} 23. Rxa5 {[%emt 0:00:06]} Bd8 {[%emt 0:04:19]} 24. Ra2 {[%emt 0:02:34]} Rxa2 {[%emt 0:00:21]} 25. Bxa2 {[%emt 0:00:05]} Bb6 {[%emt 0:00:58]} 26. Rb1 {[%emt 0:00:28]} Rb8 {[%emt 0:00:04]} 27. g3 {[%emt 0:00:56]} Kf8 {[%emt 0:00:23]} 28. Kg2 {[%emt 0:00:04]} Ke7 {[%emt 0:00:07]} 29. Bd5 {[%emt 0:00:08]} g6 {[%emt 0:02:11]} 30. h4 {[%emt 0:00:22]} Ba7 {[%emt 0:01:50]} 31. Rxb8 {[%emt 0:00:15]} Bxb8 1/2-1/2

[Event "FIDE Women GP Monaco 2019"]
[Site "Monaco"]
[Date "2019.12.03"]
[Round "1.3"]
[White "Cramling, Pia"]
[Black "Kosteniuk, Alexandra"]
[Result "1/2-1/2"]
[WhiteElo "2461"]
[BlackElo "2483"]
[Annotator "ChessBase"]
[PlyCount "86"]
[EventDate "2019.12.03"]
[EventType "tourn"]
[EventCountry "MNC"]
[SourceTitle "playchess.com"]
[Source "ChessBase"]
[SourceQuality "1"]
[TimeControl "40/5400+30:1800+30"]

1. d4 {[%emt 0:00:00]} Nf6 {[%emt 0:00:00]} 2. c4 {[%emt 0:00:00]} e6 {[%emt 0:00:00]} 3. Nc3 {[%emt 0:00:00]} Bb4 {[%emt 0:00:00]} 4. e3 {[%emt 0:00:02]} b6 {[%emt 0:00:00]} 5. Bd2 {[%emt 0:02:28]} O-O {[%emt 0:00:09]} 6. Nf3 {[%emt 0:00:39]} c5 {[%emt 0:00:11]} 7. Bd3 {[%emt 0:08:29]} cxd4 {[%emt 0:04:59]} 8. exd4 {[%emt 0:02:13]} Bb7 {[%emt 0:00:28]} 9. a3 {[%emt 0:04:55]} Be7 {[%emt 0:03:03]} 10. b4 {[%emt 0:02:18]} a5 {[%emt 0:06:56]} 11. Rb1 axb4 {[%emt 0:02:33]} 12. axb4 {[%emt 0:09:10]} Na6 {[%emt 0:00:28]} 13. c5 {[%emt 0:07:54]} Nc7 {[%emt 0:02:44]} 14. O-O {[%emt 0:07:12]} Ncd5 {[%emt 0:03:54]} 15. Ne5 {[%emt 0:06:06]} Ra3 {[%emt 0:17:47]} 16. Nxd5 {[%emt 0:14:52]} Bxd5 17. Bc1 Ra2 {[%emt 0:11:35]} 18. Nc4 {[%emt 0:01:54]} b5 {[%emt 0:07:34]} 19. Nb6 Bc6 20. Bb2 {[%emt 0:09:31]} Qb8 {[%emt 0:03:59]} 21. Re1 {[%emt 0:04:15]} Qb7 {[%emt 0:03:58]} 22. d5 {[%emt 0:03:47]} Bxd5 {[%emt 0:12:54]} 23. Nxd5 {[%emt 0:00:40]} Qxd5 {[%emt 0:00:34]} 24. Bxb5 {[%emt 0:00:51]} Qf5 {[%emt 0:12:05]} 25. Qd4 {[%emt 0:05:54]} d6 {[%emt 0:02:38]} 26. cxd6 {[%emt 0:03:30]} Bxd6 {[%emt 0:00:30]} 27. Qxd6 {[%emt 0:04:02]} Qxb5 {[%emt 0:00:04]} 28. Bxf6 gxf6 29. Rb3 {[%emt 0:01:06]} Qb8 {[%emt 0:01:08]} 30. Rg3+ {[%emt 0:00:23]} Kh8 {[%emt 0:00:01]} 31. Qd4 {[%emt 0:01:04]} Qd8 {[%emt 0:00:59]} 32. Qg4 {[%emt 0:00:19]} Rg8 {[%emt 0:00:03]} 33. Rd1 {[%emt 0:00:35]} Qb8 {[%emt 0:02:55]} 34. Qh4 {[%emt 0:01:25]} Qe5 {[%emt 0:00:13]} 35. Rxg8+ {[%emt 0:00:44]} Kxg8 {[%emt 0:00:01]} 36. h3 {[%emt 0:00:33]} h5 {[%emt 0:01:40]} 37. Qc4 {[%emt 0:00:34]} Rb2 {[%emt 0:00:24]} 38. g3 {[%emt 0:00:30]} Qf5 {[%emt 0:01:02]} 39. Qd4 {[%emt 0:00:15]} Qe5 {[%emt 0:00:14]} 40. Kg2 {[%emt 0:00:51]} Kg7 {[%emt 0:00:39]} 41. Rd2 {[%emt 0:30:38]} Rb1 {[%emt 0:30:34]} 42. Qxe5 {[%emt 0:00:35]} fxe5 {[%emt 0:00:03]} 43. Re2 {[%emt 0:00:02]} Kf6 {[%emt 0:00:00]} 1/2-1/2

[Event "FIDE Women GP Monaco 2019"]
[Site "Monaco"]
[Date "2019.12.03"]
[Round "1.4"]
[White "Goryachkina, Aleksandra"]
[Black "Lagno, Kateryna"]
[Result "1/2-1/2"]
[WhiteElo "2572"]
[BlackElo "2547"]
[Annotator "TA"]
[PlyCount "64"]
[EventDate "2019.12.03"]
[EventType "tourn"]
[EventCountry "MNC"]
[SourceTitle "playchess.com"]
[Source "ChessBase"]
[SourceQuality "1"]

{[%evp 9,64,10,19,16,2,15,18,6,20,18,13,13,14,11,10,2,12,9,14,12,14,12,17,0,0,0,0,0,12,4,27,12,14,0,22,42,22,-8,-7,0,55,55,50,59,57,27,41,0,52,51,55,27,35,0,56,0,25]} 1. e4 c5 2. Nf3 d6 3. Bb5+ Nd7 4. Ba4 (4. O-O a6 5. Bd3 Ngf6 6. Re1 e6 7. a4 b6 8. c3 Bb7 9. Qe2 Qc7 10. Na3 Be7 11. Bb1 e5 12. d4 cxd4 13. cxd4 exd4 14. Nxd4 {½-½ (42) Jakovenko,D (2719)-Ding,L (2809) Shenzhen 2019}) 4... Ngf6 5. O-O e6 (5... g6 6. Re1 Bg7 7. c3 O-O 8. d4 e5 9. dxe5 dxe5 10. Bg5 Nb6 11. Qxd8 Rxd8 {½-½ (33) Goryachkina,A (2564)-Lagno,K (2545) Skolkovo 2019}) 6. Re1 {B51: Sicilian: Moscow Variation (3 Bb5+) without 3...Bd7} a6 {[#] White must now prevent ...b5.} 7. c3 b5 8. Bc2 Bb7 9. d4 Be7 10. Nbd2 {[%cal Bb1d2,Bd2f1,Bf1g3][%mdl 32]} Qc7 11. Nf1 O-O 12. Ng3 Rfd8 $146 ({Predecessor:} 12... Rfc8) 13. Bf4 Nf8 14. Rc1 Ng6 15. Bg5 Rac8 16. h4 h6 17. h5 Nf8 18. Bf4 cxd4 19. cxd4 Qa5 20. a3 Qb6 21. Nh2 Rc4 22. Be3 Rdc8 23. Bb3 (23. d5 $5 {[%cal Re3b6]} Qc7 24. Bb3 $11) 23... Rxc1 ({Stronger than} 23... Nxe4 24. Bxc4 bxc4 25. d5 $18) 24. Bxc1 a5 ({Black should play} 24... d5 $11) 25. d5 $14 a4 26. Ba2 Qc5 27. Be3 Qc2 28. Qa1 Bd8 ({Much weaker is} 28... Nxe4 $6 29. Bb1 $16) (28... Qc7 $11) 29. Rc1 Qd3 30. Rd1 Qc2 31. Rc1 Qd3 32. Rd1 Qc2 {Accuracy: White = 61%, Black = 53%.} 1/2-1/2

[Event "FIDE Women GP Monaco 2019"]
[Site "Monaco"]
[Date "2019.12.03"]
[Round "1.5"]
[White "Gunina, Valentina"]
[Black "Koneru, Humpy"]
[Result "0-1"]
[WhiteElo "2492"]
[BlackElo "2574"]
[Annotator "TA"]
[PlyCount "162"]
[EventDate "2019.12.03"]
[EventType "tourn"]
[EventCountry "MNC"]
[SourceTitle "playchess.com"]
[Source "ChessBase"]
[SourceQuality "1"]

{[%evp 19,162,8,8,6,10,0,0,0,2,0,0,-29,6,0,32,-20,0,0,12,12,36,18,45,54,39,47,129,129,102,113,112,114,165,118,217,217,210,186,241,245,245,242,325,127,147,28,24,20,25,0,0,0,0,0,44,7,6,0,36,0,6,6,6,4,8,2,3,2,3,0,0,0,0,0,0,0,0,0,0,0,0,0,0,0,0,0,0,-9,0,0,0,0,0,0,0,0,0,0,0,-20,-20,-20,-38,-32,-39,-35,-12,-12,-12,-24,-12,-65,-65,-77,-79,-142,-124,-220,-196,-240,-239,-240,-240,-240,-240,-240,-240,-347,-336,-537,-589,-530,-502,-458,-312,-887,-817,-29957,-11632,-29977,-29978,-29978,-29978,-29985,-29986]} 1. e4 e5 2. Nf3 Nc6 3. Bb5 a6 4. Ba4 Nf6 5. O-O Nxe4 6. d4 b5 7. Bb3 d5 8. Nxe5 Nxe5 9. dxe5 c6 10. Be3 Be7 11. c3 {C80: Open Ruy Lopez: Sidelines and 9 Nbd2} O-O (11... Bf5 12. Bc2 Qd7 13. Bxe4 dxe4 14. Qxd7+ Kxd7 15. Nd2 Ke6 16. Nb3 Kxe5 17. Bd4+ Kf4 18. f3 Kg5 19. fxe4 Bxe4 20. Bxg7 {½-½ (36) Melkumyan,H (2660)-Santos Ruiz,M (2543) Caleta 2019}) 12. f3 Nc5 13. Bc2 {The position is equal.} f5 14. exf6 Rxf6 15. b4 $146 ({Predecessor:} 15. Nd2 Bf5 16. Bxf5 Rxf5 17. Nb3 Ne6 18. a4 Bd6 {½-½ (41) Polzin,R (2397)-Lomasov,S (2540) Porto Carras 2018}) 15... Nb7 16. Nd2 Bf5 17. f4 (17. Bxf5 $14 Rxf5 18. a4) 17... Bxc2 18. Qxc2 c5 19. Nf3 Re6 20. Rae1 Rc8 21. Qf5 $36 {[%mdl 2048] Black is under pressure.} Rf6 22. Qd3 Re6 ({Better is} 22... Rf8 $14) 23. Bf2 $16 Rxe1 24. Rxe1 Qd6 25. a3 Rd8 (25... Bf6 $16 {might work better.}) 26. h4 Bf6 {[#]} (26... c4 $16 27. Qf5 Qd7 28. Qe6+ Qxe6 29. Rxe6 Bd6) 27. Ng5 $1 $18 Bxg5 28. hxg5 cxb4 (28... g6 $142 29. Re5 Rf8) 29. axb4 Qxf4 30. Re7 Nd6 {[#]} 31. Qxd5+ $2 (31. Bb6 $1 $18 {and the rest is easy.} Rf8 32. Qxd5+ Kh8 33. Bc5) 31... Nf7 $16 32. Qe6 ({But not} 32. Bg3 Qc4 $14) (32. Be3 $16 Qc4 33. Qxc4 bxc4 34. Bd4) 32... Rd1+ $11 33. Be1 {[%cal Re7e8]} g6 34. Re8+ Kg7 {[#]} 35. Qe7 $1 {[%csl Ge8][%cal Re7f8][%mdl 512]} Qd6 36. Qe3 Qd5 37. Re7 (37. c4 $5 {[%cal Rc4d5]} Qxg5 38. Qc3+ Kh6 39. cxb5 axb5 40. Qh3+ Qh5 41. Qe3+ Qg5 42. Qh3+ Qh5 43. Qe3+ Kg7 44. Qe7 $11 (44. Qc3+ Kh6 $11)) 37... Kf8 38. Re8+ Kg7 39. Re7 (39. c4 $5 {[%cal Rc4d5]} Qxg5 40. Qc3+ Kh6 41. Qh3+ Qh5 42. Qe3+ Qg5 43. Qh3+ Qh5 44. Qe3+ Qg5 45. Qh3+ $11) 39... Kf8 $1 40. Ra7 Qd8 41. Rxa6 Qxg5 42. Qe2 Qd5 43. Re6 Qd3 44. Qxd3 Rxd3 {[%mdl 4096] Endgame KRB-KRN} 45. Bf2 Nh6 46. Bc5+ Kf7 47. Re7+ Kg8 48. Re8+ Kf7 49. Rh8 Ng4 {[%cal Rd3d1]} 50. Kf1 Rxc3 51. Rxh7+ Ke6 52. Rb7 Kd5 53. Be7 Ke4 54. Bg5 Ne3+ 55. Kg1 Rc1+ 56. Kh2 {And now Re7+ would win.} Nf1+ 57. Kh3 Rc3+ 58. Kh4 Ng3 {( -> ...Nf5+)} 59. Re7+ Kd5 {aiming for ...Nf5+.} 60. Rd7+ Kc6 61. Rd8 Nf5+ 62. Kg4 {Rc8+ is the strong threat.} Rg3+ 63. Kf4 Rxg2 64. Rc8+ Kd6 65. Rg8 (65. Rb8 $11) 65... Kd5 $15 66. Rd8+ Kc4 67. Bf6 (67. Rg8 $142) 67... Kxb4 68. Kf3 (68. Rd1 $17) 68... Rc2 69. Rg8 Rc6 70. Rf8 Kc4 71. Kf4 b4 72. Bb2 Nd4 {Hoping for ...Ne6+.} 73. Rb8 (73. Kg4 $142) 73... Ne2+ $19 74. Kg5 (74. Kf3 $142 Nc3 75. Bc1) 74... Nc3 75. Bc1 Ne4+ 76. Kf4 Nc5 {Threatens to win with ...Nd3+.} 77. Kg5 $2 (77. Kf3) 77... Nd3 78. Bd2 b3 {[%cal Bb4b3,Bb3b2][%mdl 32]} 79. Kg4 b2 {Black mates.} 80. Kf3 Rc5 81. Ke2 Rb5 {Accuracy: White = 38%, Black = 69%.} 0-1

[Event "FIDE Women GP Monaco 2019"]
[Site "Monaco"]
[Date "2019.12.03"]
[Round "1.6"]
[White "Muzychuk, Mariya"]
[Black "Muzychuk, Anna"]
[Result "1/2-1/2"]
[WhiteElo "2559"]
[BlackElo "2537"]
[Annotator "TA"]
[PlyCount "60"]
[EventDate "2019.12.03"]
[EventType "tourn"]
[EventCountry "MNC"]
[SourceTitle "playchess.com"]
[Source "ChessBase"]
[SourceQuality "1"]

{[%evp 20,60,0,0,20,0,0,0,0,0,0,0,0,0,0,0,10,0,0,0,0,0,0,0,0,0,0,0,0,0,0,0,0,0,0,0,0,0,0,0,0,0,0]} 1. d4 d5 ({Predecessor:} 1... Nf6 2. c4 c6 3. Nc3 d5 {½-½ (36) Krzyzanowski,A (2310)-Oger,C (2364) ICCF email 2012}) 2. c4 c6 3. Nf3 Nf6 4. Nc3 e6 5. Bg5 h6 6. Bh4 dxc4 7. e4 g5 8. Bg3 b5 {[%cal Bb7b5,Bb5b4][%mdl 32]} 9. Be2 Bb7 10. h4 g4 11. Ne5 {The position is equal.} Nbd7 {D43: Semi-Slav: 5 Bg5 h6} 12. Nxg4 b4 13. Nxf6+ Nxf6 14. Na4 Nxe4 15. Be5 Rg8 $1 16. Bxc4 Bd6 {White must now prevent ...Bxe5.} 17. Qh5 c5 $146 {And now ...Bxe5 would win.} (17... Rxg2 $6 18. Bxe6 Qe7 19. Bh3 $16 (19. Qf3 Bxe5 20. Qxg2 Bxd4 $11)) (17... Bxe5 18. Qxe5 c5 19. Nxc5 Nxc5 20. dxc5 {½-½ (41) Sarana,A (2655)-Matlakov,M (2710) Izhevsk 2019}) 18. d5 ({Much weaker is} 18. Bxe6 Qe7 $17) 18... Bxd5 19. Bxd5 exd5 20. O-O-O Nf6 21. Bxf6 Qxf6 22. Rxd5 {Re1+ is the strong threat.} Rxg2 23. Rxd6 Qxd6 24. Qf3 {[%mdl 64] Double Attack} Rd8 $1 25. Qxg2 {Strongly threatening Qe4+.} Qd2+ $1 26. Kb1 Qd3+ 27. Kc1 (27. Ka1 $2 {gets mated.} Qd1+ $1 {[%mdl 512]} 28. Rxd1 Rxd1#) 27... Qd2+ $1 28. Kb1 Qd3+ 29. Kc1 (29. Ka1 $2 {[#] leads to mate.} Qd1+ $1 {[%mdl 512]} 30. Rxd1 Rxd1#) 29... Qd2+ $1 30. Kb1 Qd3+ {Accuracy: White = 73%, Black = 76%.} 1/2-1/2

[Event "FIDE Women GP Monaco 2019"]
[Site "Monaco"]
[Date "2019.12.04"]
[Round "2.1"]
[White "Dzagnidze, Nana"]
[Black "Muzychuk, Anna"]
[Result "1/2-1/2"]
[WhiteElo "2520"]
[BlackElo "2537"]
[Annotator "TA"]
[PlyCount "60"]
[EventDate "2019.12.03"]
[EventType "tourn"]
[EventCountry "MNC"]
[SourceTitle "playchess.com"]
[Source "ChessBase"]
[SourceQuality "1"]

{[%evp 11,60,1,2,0,16,-25,3,12,6,11,2,2,70,35,45,-56,-68,-81,-85,-85,-75,-122,-129,-130,-129,-118,-116,-113,-136,-124,-127,-215,-116,-111,-111,-102,-11,-10,-8,-6,0,0,0,0,0,0,0,0,0,0,0]} 1. Nf3 Nf6 2. c4 c5 3. Nc3 Nc6 4. d4 cxd4 5. Nxd4 e6 6. Bf4 d5 7. e3 {A33: Symmetrical English: 2 Nf3 Nf6 3 d4 cxd4 4 Nxd4 e6 5 Nc3 Nc6} Bb4 8. Qa4 O-O 9. Nxc6 Bxc3+ $1 10. bxc3 bxc6 11. Bd3 Nd7 $146 (11... dxc4 $11 12. Bxc4 (12. Qxc4 a5 $11) 12... Nd5) ({Predecessor:} 11... a5 12. c5 Ba6 13. Bxa6 Rxa6 14. Qd4 Ne8 {0-1 (52) Banusz,T (2616)-Rodshtein,M (2698) Minsk 2017}) 12. Qxc6 {[%mdl 64] Double Attack} Ba6 $1 13. Bd6 (13. Bxh7+ $14 Kxh7 14. Qxa6) 13... Qc8 $15 14. Qa4 Rd8 $1 15. Qc2 h6 16. cxd5 Bxd3 $1 17. Qxd3 Nb6 $1 18. Bg3 Rxd5 19. Qc2 Qc4 20. Qb3 {[#]} Qa6 $1 ({Don't play} 20... Qd3 $6 21. Rd1 $11) 21. Rd1 (21. Qb2 $17) 21... Rc8 (21... Rad8 $19 22. Rxd5 Rxd5) 22. Rxd5 $17 Nxd5 23. Be5 {[#]} Qd3 ({Black should play} 23... Nb6 $1 $17 {And now ...Nd7 would win.} 24. Bd4 Nc4) 24. c4 $1 $11 {The position is equal.} Qe4 25. O-O Qxe5 (25... Rxc4 {with more complications.} 26. Bd4 Nf4 27. f3 Ne2+ 28. Kf2 Qc2) 26. cxd5 Qxd5 27. Qxd5 exd5 28. Rd1 Rc2 29. h4 Rxa2 30. Rxd5 g6 {Accuracy: White = 52%, Black = 42%.} 1/2-1/2

[Event "FIDE Women GP Monaco 2019"]
[Site "Monaco"]
[Date "2019.12.04"]
[Round "2.2"]
[White "Koneru, Humpy"]
[Black "Muzychuk, Mariya"]
[Result "1-0"]
[WhiteElo "2574"]
[BlackElo "2559"]
[Annotator "ChessBase"]
[PlyCount "127"]
[EventDate "2019.12.03"]
[EventType "tourn"]
[EventCountry "MNC"]
[SourceTitle "playchess.com"]
[Source "ChessBase"]
[SourceQuality "1"]
[TimeControl "40/5400+30:1800+30"]

1. d4 {[%emt 0:00:00]} Nf6 {[%emt 0:00:00]} 2. c4 {[%emt 0:00:00]} g6 {[%emt 0:00:01]} 3. Nc3 {[%emt 0:00:01]} d5 {[%emt 0:00:07]} 4. cxd5 {[%emt 0:00:13]} Nxd5 {[%emt 0:00:04]} 5. e4 {[%emt 0:00:18]} Nxc3 {[%emt 0:00:05]} 6. bxc3 {[%emt 0:00:06]} Bg7 {[%emt 0:00:06]} 7. Bc4 {[%emt 0:00:23]} c5 {[%emt 0:00:31]} 8. Ne2 {[%emt 0:00:22]} O-O {[%emt 0:00:15]} 9. O-O {[%emt 0:00:28]} Nc6 {[%emt 0:00:51]} 10. Be3 b6 {[%emt 0:01:10]} 11. dxc5 {[%emt 0:01:58]} Qc7 {[%emt 0:00:39]} 12. Nd4 {[%emt 0:00:59]} Ne5 {[%emt 0:00:58]} 13. Nb5 {[%emt 0:00:49]} Qb8 {[%emt 0:00:11]} 14. Be2 {[%emt 0:00:48]} a6 {[%emt 0:12:46]} 15. Na3 {[%emt 0:01:32]} bxc5 {[%emt 0:04:26]} 16. f4 {[%emt 0:06:25]} Nc6 {[%emt 0:05:16]} 17. Qc2 {[%emt 0:05:26]} Qc7 {[%emt 0:01:47]} 18. Rab1 {[%emt 0:07:57]} Be6 {[%emt 0:13:38]} 19. Bc4 {[%emt 0:20:17]} Bxc4 {[%emt 0:06:15]} 20. Nxc4 {[%emt 0:00:07]} Rfb8 {[%emt 0:05:19]} 21. e5 {[%emt 0:03:10]} e6 {[%emt 0:08:54]} 22. Rxb8+ {[%emt 0:12:46]} Rxb8 {[%emt 0:03:17]} 23. Qa4 {[%emt 0:06:30]} Ra8 {[%emt 0:04:09]} 24. Rd1 {[%emt 0:01:01]} Bf8 {[%emt 0:01:24]} 25. Nd6 {[%emt 0:05:41]} Ne7 26. Ne8 {[%emt 0:04:55]} Qc6 {[%emt 0:11:13]} 27. Qxc6 {[%emt 0:00:56]} Nxc6 {[%emt 0:00:03]} 28. Nf6+ {[%emt 0:00:31]} Kg7 {[%emt 0:00:20]} 29. Rd7 {[%emt 0:00:59]} g5 {[%emt 0:06:24]} 30. g3 {[%emt 0:01:51]} gxf4 {[%emt 0:05:29]} 31. gxf4 {[%emt 0:00:04]} Rd8 {[%emt 0:02:10]} 32. Kf2 {[%emt 0:02:52]} Rxd7 {[%emt 0:02:58]} 33. Nxd7 {[%emt 0:00:09]} c4 {[%emt 0:00:08]} 34. Kf3 {[%emt 0:06:41]} Be7 {[%emt 0:01:04]} 35. Nb6 {[%emt 0:02:29]} Na5 {[%emt 0:00:32]} 36. Ke4 {[%emt 0:00:42]} f6 {[%emt 0:01:50]} 37. exf6+ {[%emt 0:02:19]} Bxf6 {[%emt 0:00:33]} 38. Bd4 {[%emt 0:00:09]} Bxd4 {[%emt 0:00:38]} 39. Kxd4 {[%emt 0:00:04]} Kf6 {[%emt 0:00:08]} 40. Ke4 {[%emt 0:03:59]} Ke7 {[%emt 0:00:13]} 41. Ke3 {[%emt 0:33:33]} Kf7 {[%emt 0:06:58]} 42. Nd7 {[%emt 0:00:00]} Nc6 {[%emt 0:01:24]} 43. Nc5 {[%emt 0:00:00]} a5 {[%emt 0:03:15]} 44. Nd7 {[%emt 0:00:00]} Ne7 {[%emt 0:03:48]} 45. Kd4 {[%emt 0:00:00]} Nd5 {[%emt 0:09:02]} 46. f5 {[%emt 0:00:00]} Ne7 {[%emt 0:03:55]} 47. fxe6+ {[%emt 0:00:00]} Kxe6 {[%emt 0:00:02]} 48. Nf8+ {[%emt 0:00:00]} Kf5 {[%emt 0:03:02]} 49. Nxh7 {[%emt 0:00:00]} Ng8 {[%emt 0:00:51]} 50. Kxc4 {[%emt 0:00:00]} Nh6 {[%emt 0:00:06]} 51. Kb5 {[%emt 0:01:24]} Ng4 {[%emt 0:00:19]} 52. h4 {[%emt 0:00:54]} Ne5 {[%emt 0:00:18]} 53. Kxa5 {[%emt 0:00:18]} Kg6 {[%emt 0:00:23]} 54. Ng5 {[%emt 0:01:06]} Kh5 {[%emt 0:00:03]} 55. Kb5 {[%emt 0:00:34]} Kxh4 {[%emt 0:00:04]} 56. Ne6 {[%emt 0:01:53]} Kg4 {[%emt 0:00:27]} 57. a4 {[%emt 0:00:17]} Kf5 {[%emt 0:02:29]} 58. Nc5 {[%emt 0:01:11]} Nf7 {[%emt 0:00:19]} 59. Kc6 {[%emt 0:00:36]} Ke5 {[%emt 0:00:41]} 60. a5 {[%emt 0:00:52]} Nd6 {[%emt 0:00:09]} 61. Nd3+ {[%emt 0:00:34]} Ke6 {[%emt 0:00:04]} 62. a6 {[%emt 0:00:14]} Nc8 {[%emt 0:00:03]} 63. c4 {[%emt 0:00:32]} Ke7 {[%emt 0:00:44]} 64. Kc7 {[%emt 0:00:20]} 1-0